000 00343nam a2200133Ia 4500
008 221030s9999 xx 000 0 und d
041 _aEnglish
100 _aM. K. Roy
245 0 _aCobol Programming Including MS Cobel & Cobol- 85
_cby M. K. Roy, Dasticlar, D. G
260 _c0
650 _aB
700 _aDasticlar, D. G
942 _cBK
999 _c14460
_d14460